Test de daltonisme Ishihara - Statistiques

Statistiques générales
  • Ce quiz a été pris 256 fois
  • Le résultat moyen est 12 sur 12
Statistiques - réponses
Par images Réponse % Correct
6
98%
7
98%
3
97%
74
97%
8
97%
29
96%
42
96%
45
96%
97
96%
16
95%
2
95%
5
94%
Aucun quiz correspondant
Distribution des résultats
% des personnes avec chaque résultat
Percentile par nombre de réponses
Votre historique - résultats
Vous n’avez pas pris ce quiz